|
|
|
|
| LEADER |
01583nam a2200445 a 4500 |
| 001 |
nkc20061697071 |
| 003 |
CZ PrNK |
| 005 |
20070327090410.0 |
| 007 |
ta |
| 008 |
061109s2006 xr e 000 0 cze |
| 015 |
|
|
|a cnb001697071
|
| 020 |
|
|
|a 80-7021-835-5
|q (brož.) :
|c Kč 148,00
|
| 035 |
|
|
|a (OCoLC)85715874
|
| 040 |
|
|
|a ABA001
|b cze
|
| 041 |
1 |
|
|a cze
|h fre
|
| 045 |
|
|
|a u3u3
|
| 072 |
|
7 |
|a 14
|x Filozofické systémy a hlediska
|2 Konspekt
|9 5
|
| 080 |
|
|
|a 14(44)
|2 MRF
|
| 080 |
|
|
|a (0:82-4)
|2 MRF
|
| 100 |
1 |
|
|a Koyré, Alexandre,
|d 1882-1964
|7 skuk0003515
|4 aut
|
| 245 |
1 |
0 |
|a Rozhovory nad Descartem /
|c Alexandre Koyré ; [z francouzského originálu ... přeložil Petr Horák]
|
| 250 |
|
|
|a Vyd. 1.
|
| 260 |
|
|
|a Praha :
|b Vyšehrad,
|c 2006
|
| 300 |
|
|
|a 99 s. ;
|c 14 cm
|
| 490 |
1 |
|
|a Krystal ;
|v sv. 10
|
| 504 |
|
|
|a Obsahuje bibliografické odkazy
|
| 600 |
1 |
7 |
|a Descartes, René,
|d 1596-1650.
|t Discours de la méthode
|7 aun2006372746
|2 czenas
|
| 600 |
1 |
7 |
|a Montaigne, Michel de,
|d 1533-1592.
|t Essais
|7 aun2006373199
|2 czenas
|
| 648 |
|
7 |
|a 16.-17. století
|7 ch757028
|2 czenas
|
| 650 |
0 |
7 |
|a francouzská filozofie
|7 ph120359
|y 16.-17. stol.
|2 czenas
|
| 650 |
0 |
9 |
|a French philosophy
|y 16th-17th centuries
|2 eczenas
|
| 655 |
|
7 |
|a úvahy
|7 fd134000
|2 czenas
|
| 655 |
|
9 |
|a essays
|2 eczenas
|
| 765 |
0 |
|
|t Entretiens sur Descartes
|9 Česky
|
| 830 |
|
0 |
|a Krystal (Vyšehrad)
|0 s
|
| 910 |
2 |
|
|a BOA001
|b S-1178.645
|
| 990 |
|
|
|a BK
|
| 995 |
|
|
|a 01
|
| 991 |
|
|
|b 200701
|c NOV
|
| 996 |
6 |
|
|b 2610298281
|c S-1178.645
|l MZK
|r Sklad / do 24 hodin
|n 1
|p p.v.
|w 000837294
|u 000010
|a 1
|e BOA001
|j MZK50
|s P
|